00453nmm a2200157Ia 4500008004100000020001800041041000800059100001900067245002600086264008000112300001600192650001200208856005100220942000700271999001700278251105s9999||||xx |||||||||||||||||und|| a9788467145694 aspa aBaxter, Claire 0aCuando se pone el sol a[Madrid, España] :bHarlequin, c[Fecha de publicación no identificada] a0 páginas aRomance uhttps://public.digitaliapublishing.com/a/96734 cCF c83348d83348